| 000 | 01172nam a22002894a 4500 | ||
|---|---|---|---|
| 001 | ebr10081810 | ||
| 003 | CaPaEBR | ||
| 006 | m u | ||
| 007 | cr cn||||||||| | ||
| 008 | 030130s2003 dcua sb 000 0 eng | ||
| 020 | _z1559639741 (alk. paper) | ||
| 040 |
_aCaPaEBR _cCaPaEBR |
||
| 035 | _a(OCoLC)614555963 | ||
| 050 | 1 | 4 |
_aQL121 _b.E5794 2003eb |
| 082 | 0 | 4 |
_a591.77 _221 |
| 100 | 1 |
_aEllis, Richard, _d1938- |
|
| 245 | 1 | 4 |
_aThe empty ocean _h[electronic resource] : _bplundering the world's marine life / _cwritten and illustrated by Richard Ellis. |
| 260 |
_aWashington, DC : _bIsland Press/Shearwater Books, _cc2003. |
||
| 300 |
_axiv, 367 p. : _bill. |
||
| 504 | _aIncludes bibliographical references (p. 307-350). | ||
| 533 |
_aElectronic reproduction. _bPalo Alto, Calif. : _cebrary, _d2013. _nAvailable via World Wide Web. _nAccess may be limited to ebrary affiliated libraries. |
||
| 650 | 0 | _aEndangered species. | |
| 650 | 0 | _aMarine animals. | |
| 655 | 7 |
_aElectronic books. _2local |
|
| 710 | 2 | _aebrary, Inc. | |
| 856 | 4 | 0 |
_uhttp://site.ebrary.com/lib/rucke/Doc?id=10081810 _zAn electronic book accessible through the World Wide Web; click to view |
| 999 |
_c55042 _d55042 |
||